Dimensi Hibiscus

Bibliographic Details
Main Author: Zabri Hazry
Format: Book
Published: Petaling Jaya : Penerbit Prisma Sdn. Bhd. , 1997
Series:Koleksi Novelet Prisma
Subjects:

MARC

LEADER 00000cam a2200000 7i4500
001 0000015709
002 000017165
005 .0
020 |a 9838235423 
090 0 0 |a JF   |b ZAB 
100 0 |a Zabri Hazry 
245 1 0 |a Dimensi Hibiscus   |c Zabri Hazry 
260 |a Petaling Jaya :   |b Penerbit Prisma Sdn. Bhd. ,   |c 1997 
300 |a 125p. :   |b ill ;   |c 18cm. 
490 0 |a Koleksi Novelet Prisma 
650 0 0 |a Children's stories 
999 |a 0675658   |b BUKU   |c PINJAMAN   |e PERPUSTAKAAN KOMUNITI PETALING JAYA